[Event "Wch Seniors 65 26th"]
[Site "Marianske Lazne"]
[Date "2016.11.20"]
[Round "2"]
[White "Mueller, Lutz"]
[Black "Kelleher, William"]
[Result "0-1"]
[WhiteElo "2070"]
[BlackElo "2292"]
[PlyCount "52"]
[EventDate "2016.11.19"]
[EventType "swiss"]
[EventRounds "11"]
[EventCountry "CZE"]
[SourceTitle "CBM 175 Extra"]
[Source "ChessBase"]
[SourceDate "2016.12.12"]
[SourceVersion "1"]
[SourceVersionDate "2016.12.12"]
[SourceQuality "1"]

1. d4 d5 2. Nf3 Nf6 3. e3 c6 4. c4 e6 5. Nc3 Nbd7 6. Qc2 Bd6 7. Bd2 a6 8. cxd5 exd5 9. Bd3 c5 10. dxc5 Nxc5 11. Be2 Bd7 12. Rd1 Rc8 13. Qb1 0-0 14. 0-0 Re8 15. Bc1 g6 16. Nxd5 Bf5 17. Nxf6+ Qxf6 18. Qa1 Bc2 19. Rd4 Red8 20. Bd2 Ne6 21. Bc3 Nxd4 22. Bxd4 Qf5 23. Bb6 Re8 24. b3 Be4 25. Nd4 Qf6 26. Ba5 Qe5 0-1

[Event "Continental op 41st"]
[Site "Sturbridge"]
[Date "2011.08.13"]
[Round "4"]
[White "Harris, David"]
[Black "Kelleher, William"]
[Result "1-0"]
[WhiteElo "2064"]
[BlackElo "2313"]
[PlyCount "65"]
[EventDate "2011.08.11"]
[EventType "swiss"]
[EventRounds "6"]
[EventCountry "USA"]
[SourceTitle "EXT 2018"]
[Source "ChessBase"]
[SourceDate "2017.10.13"]
[SourceVersion "1"]
[SourceVersionDate "2017.10.13"]
[SourceQuality "1"]

1. e4 c6 2. c4 d5 3. exd5 cxd5 4. cxd5 Nf6 5. Bb5+ Nbd7 6. Nc3 a6 7. Bxd7+ Qxd7 8. Nf3 Nxd5 9. 0-0 e6 10. Ne5 Qc7 11. Nxd5 exd5 12. d4 Bd6 13. Bd2 0-0 14. Rc1 Qb6 15. Bc3 Bf5 16. Qd2 Rac8 17. Rfe1 f6 18. Nd3 Qb5 19. Nf4 g5 20. Ne2 Rfe8 21. h4 Bd3 22. a4 Qc4 23. b3 Qxb3 24. Qxd3 Re4 25. f3 Rxh4 26. g3 Rh6 27. Qf5 Rd8 28. Rb1 Qxa4 29. Qxd5+ Kh8 30. Rxb7 Qe8 31. Nf4 Qg8 32. Ne6 Qg6 33. Nxd8 1-0

[Event "USA tt"]
[Site "ICC INT"]
[Date "2007.10.03"]
[Round "6"]
[White "Bhat, Vinay S"]
[Black "Kelleher, William"]
[Result "1-0"]
[WhiteElo "2450"]
[BlackElo "2369"]
[PlyCount "67"]
[EventDate "2007.08.29"]
[EventType "team"]
[EventRounds "10"]
[EventCountry "USA"]
[SourceTitle "CBM 120 Extra"]
[Source "ChessBase"]
[SourceDate "2007.11.01"]
[SourceVersion "1"]
[SourceVersionDate "2007.11.01"]
[SourceQuality "1"]

1. d4 d5 2. c4 c6 3. Nf3 Nf6 4. Nc3 e6 5. e3 Nbd7 6. Bd3 dxc4 7. Bxc4 b5 8. Bd3 a6 9. e4 c5 10. e5 cxd4 11. Nxb5 Ng4 12. Qa4 Bb7 13. Nbxd4 Qb6 14. 0-0 Bc5 15. h3 Bxf3 16. hxg4 Bb7 17. Nb3 0-0 18. Qf4 Rfd8 19. Qg3 Nxe5 20. Nxc5 Qxc5 21. Be2 Qd5 22. Bg5 f6 23. Be3 Rac8 24. Bb6 Rd6 25. Rad1 Qc6 26. Bd4 Rcd8 27. Bxe5 Rxd1 28. Bxd1 fxe5 29. Bb3 Rd2 30. Re1 e4 31. Qb8+ Bc8 32. Qf4 Rxb2 33. Rc1 Qd7 34. Qb8 1-0

[Event "USA tt"]
[Site "ICC INT"]
[Date "2006.10.25"]
[Round "9"]
[White "Hoekstra, Matthew"]
[Black "Kelleher, William"]
[Result "0-1"]
[WhiteElo "2363"]
[BlackElo "2381"]
[PlyCount "72"]
[EventDate "2006.08.30"]
[EventType "team"]
[EventRounds "10"]
[EventCountry "USA"]
[SourceTitle "CBM 114 Extra"]
[Source "ChessBase"]
[SourceDate "2006.11.03"]
[SourceVersion "1"]
[SourceVersionDate "2006.11.03"]
[SourceQuality "1"]
[WhiteTeam "Carolina Cobras"]
[BlackTeam "Boston Blitz"]
[WhiteTeamCountry "USA"]
[BlackTeamCountry "USA"]

1. d4 d5 2. c4 c6 3. cxd5 cxd5 4. Nf3 Nc6 5. Nc3 Nf6 6. Bf4 Bf5 7. e3 e6 8. Bb5 Bd6 9. Qa4 0-0 10. Ne5 Bxe5 11. dxe5 Nd7 12. Bxc6 Nc5 13. Qa3 Nd3+ 14. Kf1 bxc6 15. Rd1 Qh4 16. Bg3 Qc4 17. Kg1 Rab8 18. Rd2 Rb7 19. h3 Rfb8 20. Nd1 Qc1 21. Rxd3 Bxd3 22. Qxd3 Rxb2 23. Kh2 Rd2 24. Qc3 Rb1 25. Qa5 h6 26. Bh4 Rxd1 27. Rxd1 Qxd1 28. Qd8+ Kh7 29. Qf8 Qh5 30. Bg3 Qf5 31. Qc5 Rb7 32. Qxc6 Qb1 33. a4 Qb6 34. Qc2+ g6 35. Bh4 Qc7 36. Qe2 Qc4 0-1

[Event "Foxwoods op 06th"]
[Site "Connecticut"]
[Date "2004.04.10"]
[Round "7"]
[White "Kelleher, William"]
[Black "Roper, David C"]
[Result "1/2-1/2"]
[WhiteElo "2388"]
[BlackElo "2292"]
[PlyCount "103"]
[EventDate "2004.04.07"]
[EventType "swiss"]
[EventRounds "9"]
[EventCountry "USA"]
[SourceTitle "CBM 099 Extra"]
[Source "ChessBase"]
[SourceDate "2004.05.04"]
[SourceVersion "1"]
[SourceVersionDate "2004.05.04"]
[SourceQuality "1"]

1. e4 c5 2. Nf3 e6 3. c3 d5 4. exd5 exd5 5. d4 Nc6 6. Bb5 Bd6 7. 0-0 Nge7 8. dxc5 Bxc5 9. Nbd2 0-0 10. Nb3 Bd6 11. Bd3 Ng6 12. Bg5 Qc7 13. h3 Nf4 14. Bc2 Ne7 15. Nbd4 a6 16. Bxf4 Bxf4 17. Re1 g6 18. Bb3 Rd8 19. Qe2 Nc6 20. Rad1 Na5 21. Nc2 Nxb3 22. axb3 Bf5 23. Ncd4 Bd7 24. Qe7 Re8 25. Qf6 Qd6 26. Qxd6 Bxd6 27. Kf1 Rxe1+ 28. Rxe1 Re8 29. Rxe8+ Bxe8 30. Ke2 Kf8 31. b4 Ke7 32. Ne1 Be5 33. Ke3 Bd7 34. f4 Bd6 35. g4 Bc8 36. Kf3 b6 37. Nec2 Bb7 38. Ke3 a5 39. bxa5 bxa5 40. b4 axb4 41. Nxb4 Bc5 42. Nd3 Bb6 43. g5 Bc8 44. h4 Bf5 45. Ne5 f6 46. Nec6+ Kf7 47. Nb4 fxg5 48. hxg5 Be6 49. Nbc6 Bf5 50. Kd2 Bc8 51. Ne5+ Kg7 52. Ke3 1/2-1/2

[Event "Internet Section 18-B"]
[Site "Dos Hermanas"]
[Date "2003.03.18"]
[Round "4"]
[White "Kelleher, William"]
[Black "Maslak, Konstantin"]
[Result "1/2-1/2"]
[WhiteElo "2398"]
[BlackElo "2405"]
[PlyCount "55"]
[EventDate "2003.03.18"]
[EventType "swiss (blitz)"]
[EventRounds "9"]
[EventCountry "ESP"]
[SourceTitle "EXT 2004"]
[Source "ChessBase"]
[SourceDate "2003.11.25"]
[SourceVersion "1"]
[SourceVersionDate "2003.11.25"]
[SourceQuality "1"]

1. e4 d5 2. exd5 Nf6 3. Nf3 Nxd5 4. d4 g6 5. Bc4 Bg7 6. 0-0 0-0 7. Re1 Bg4 8. c3 c6 9. h3 Bxf3 10. Qxf3 e6 11. Nd2 Nd7 12. Ne4 h6 13. Bb3 b5 14. a4 a6 15. axb5 axb5 16. Bd2 Qc7 17. h4 N7f6 18. Nxf6+ Nxf6 19. Bxh6 Bxh6 20. Qxf6 Bg7 21. Qf3 Rxa1 22. Rxa1 c5 23. dxc5 Qxc5 24. g3 b4 25. Ra8 bxc3 26. Rxf8+ Kxf8 27. bxc3 Qxc3 28. Qxc3 1/2-1/2

[Event "Internet Section 18-B"]
[Site "Dos Hermanas"]
[Date "2003.03.18"]
[Round "5"]
[White "Nogueiras Santiago, Jesus"]
[Black "Kelleher, William"]
[Result "1-0"]
[WhiteElo "2528"]
[BlackElo "2398"]
[PlyCount "87"]
[EventDate "2003.03.18"]
[EventType "swiss (blitz)"]
[EventRounds "9"]
[EventCountry "ESP"]
[SourceTitle "EXT 2004"]
[Source "ChessBase"]
[SourceDate "2003.11.25"]
[SourceVersion "1"]
[SourceVersionDate "2003.11.25"]
[SourceQuality "1"]

1. g3 d5 2. Bg2 c6 3. Nf3 Nf6 4. 0-0 Bf5 5. d3 e6 6. c4 h6 7. Nc3 Be7 8. cxd5 exd5 9. Nd4 Bh7 10. e4 0-0 11. Bf4 dxe4 12. dxe4 Na6 13. e5 Ne8 14. Bxc6 Bc5 15. Bxb7 Bxd4 16. Bxa8 Bxf2+ 17. Rxf2 Qxa8 18. Qf3 Qxf3 19. Rxf3 Nec7 20. Be3 Ra8 21. a3 Ne6 22. Rf2 Nac5 23. Bxc5 Nxc5 24. Rd1 Bg6 25. Rfd2 Ne6 26. Nd5 Bh5 27. Rc1 Ng5 28. Rdc2 Bf3 29. Rc8+ Rxc8 30. Rxc8+ Kh7 31. Nc3 a6 32. b4 Bg4 33. Rc7 Kg6 34. Kf2 Be6 35. Rc6 Kf5 36. Rxa6 Kxe5 37. Ra5+ Kd4 38. Ne2+ Kc4 39. Rc5+ Kb3 40. Rc3+ Ka4 41. Ke3 f5 42. Nd4 Bd7 43. Rc7 Be8 44. Ra7# 1-0

[Event "Philadelphia National op 32nd"]
[Site "Philadelphia"]
[Date "2001.11.23"]
[Round "1"]
[White "Polyakin, Vladimir"]
[Black "Kelleher, William"]
[Result "0-1"]
[WhiteElo "2168"]
[BlackElo "2393"]
[PlyCount "50"]
[EventDate "2001.11.23"]
[EventType "swiss"]
[EventRounds "6"]
[EventCountry "USA"]
[SourceTitle "CBM 085 Extra"]
[Source "ChessBase"]
[SourceDate "2002.01.21"]
[SourceVersion "1"]
[SourceVersionDate "2002.01.21"]
[SourceQuality "1"]

1. d4 d5 2. c4 c6 3. Nf3 Nf6 4. Nc3 e6 5. cxd5 exd5 6. Bg5 h6 7. Bh4 Bf5 8. Qb3 g5 9. Qxb7 Qb6 10. Qxb6 axb6 11. Bg3 Bb4 12. Nd2 Nbd7 13. e3 Ke7 14. Be2 Bxc3 15. bxc3 Ra3 16. 0-0 Rha8 17. Rfd1 b5 18. Nf1 Rxa2 19. Rxa2 Rxa2 20. Bd3 Bxd3 21. Rxd3 Ra3 22. f3 b4 23. Be1 Ra1 24. Kf2 b3 25. Rd2 Nb6 0-1

[Event "US Open-102"]
[Site "Framingham"]
[Date "2001.08.12"]
[Round "9"]
[White "Kelleher, William"]
[Black "Henry, Ronald"]
[Result "1-0"]
[WhiteElo "2393"]
[BlackElo "2195"]
[PlyCount "67"]
[EventDate "2001.08.04"]
[EventType "swiss"]
[EventRounds "9"]
[EventCountry "USA"]
[SourceTitle "CBM 083 Extra"]
[Source "ChessBase"]
[SourceDate "2001.09.11"]
[SourceVersion "1"]
[SourceVersionDate "2001.09.11"]
[SourceQuality "1"]

1. e4 c5 2. c3 Nf6 3. e5 Nd5 4. d4 cxd4 5. Nf3 Nc6 6. Bc4 Nb6 7. Bb3 d6 8. exd6 Qxd6 9. 0-0 e6 10. cxd4 Be7 11. Nc3 0-0 12. Ne4 Qd8 13. a3 Bd7 14. Qd3 Rc8 15. Bc2 g6 16. Bh6 Re8 17. b4 a6 18. Rfc1 Nd5 19. Bb3 Rc7 20. Nc5 Bc8 21. Re1 Bf6 22. Rad1 b6 23. Nxa6 Bxa6 24. Qxa6 Nc3 25. Rd3 Nxd4 26. Qxb6 Nde2+ 27. Kh1 Qxd3 28. Qxc7 Ne4 29. h3 Nxf2+ 30. Kh2 Nd4 31. Re3 Qf1 32. Nxd4 Bxd4 33. Qd7 Qh1+ 34. Kg3 1-0

[Event "US Open-102"]
[Site "Framingham"]
[Date "2001.08.07"]
[Round "4"]
[White "Kelleher, William"]
[Black "Pinto, Mark A"]
[Result "1-0"]
[WhiteElo "2393"]
[BlackElo "2115"]
[PlyCount "85"]
[EventDate "2001.08.04"]
[EventType "swiss"]
[EventRounds "9"]
[EventCountry "USA"]
[SourceTitle "CBM 083 Extra"]
[Source "ChessBase"]
[SourceDate "2001.09.11"]
[SourceVersion "1"]
[SourceVersionDate "2001.09.11"]
[SourceQuality "1"]

1. e4 c6 2. d4 d5 3. exd5 cxd5 4. c4 Nf6 5. Nc3 g6 6. Qb3 Bg7 7. cxd5 0-0 8. Be2 Nbd7 9. Bf3 Nb6 10. Bf4 Bf5 11. Rd1 a5 12. Nge2 a4 13. Qb5 Ne8 14. 0-0 Nd6 15. Qb4 Rc8 16. b3 axb3 17. axb3 h5 18. h3 Ra8 19. Rfe1 Nbc8 20. g4 hxg4 21. hxg4 Bd7 22. Ra1 Rxa1 23. Rxa1 f5 24. g5 Qb6 25. Qxb6 Nxb6 26. Ra7 Ra8 27. Rxa8+ Nxa8 28. Bg2 Nb6 29. Be5 Nf7 30. f4 Nd6 31. Kf2 Bf8 32. Ke3 Kf7 33. Kd2 Ke8 34. Nc1 Nb5 35. Nd3 Nxc3 36. Kxc3 Kf7 37. Bc7 Na8 38. Ne5+ Ke8 39. Bb8 Bc8 40. Nxg6 Nb6 41. Bf3 Kf7 42. Ne5+ Kg7 43. Bc7 1-0

[Event "Massachusets op 70th"]
[Site "Marlboro"]
[Date "2001.05.28"]
[Round "5"]
[White "Kelleher, William"]
[Black "Movsisyan, Movses"]
[Result "1-0"]
[WhiteElo "2422"]
[BlackElo "2086"]
[PlyCount "43"]
[EventDate "2001.05.??"]
[EventType "swiss"]
[EventRounds "6"]
[EventCountry "USA"]
[SourceTitle "EXT 2005"]
[Source "ChessBase"]
[SourceDate "2004.11.15"]
[SourceVersion "1"]
[SourceVersionDate "2004.11.15"]
[SourceQuality "1"]

1. e4 c5 2. Nf3 Nc6 3. c3 d5 4. exd5 Qxd5 5. d4 Bg4 6. Be2 e6 7. h3 Bh5 8. c4 Qd7 9. d5 exd5 10. g4 Bg6 11. cxd5 Nb4 12. Ne5 Qxd5 13. Bb5+ Kd8 14. 0-0 Qxd1 15. Rxd1+ Kc7 16. Bf4 Kb6 17. Nc3 a6 18. Nc4+ Ka7 19. a4 Rc8 20. Bd7 Rc6 21. Bxc6 Nxc6 22. Nb5+ 1-0

[Event "Massachusets op 70th"]
[Site "Marlboro"]
[Date "2001.05.26"]
[Round "2"]
[White "Garcia, Martin"]
[Black "Kelleher, William"]
[Result "0-1"]
[WhiteElo "2151"]
[BlackElo "2422"]
[PlyCount "100"]
[EventDate "2001.05.??"]
[EventType "swiss"]
[EventRounds "6"]
[EventCountry "USA"]
[SourceTitle "EXT 2005"]
[Source "ChessBase"]
[SourceDate "2004.11.15"]
[SourceVersion "1"]
[SourceVersionDate "2004.11.15"]
[SourceQuality "1"]

1. e4 c5 2. c3 g6 3. d4 cxd4 4. cxd4 d5 5. exd5 Nf6 6. Nc3 Nxd5 7. Bc4 Nb6 8. Bb3 Bg7 9. Nge2 0-0 10. 0-0 Nc6 11. Be3 Bf5 12. a3 Na5 13. Ba2 Nac4 14. Bc1 Qd6 15. Bf4 Qd7 16. Bxc4 Nxc4 17. b3 Nb6 18. Rc1 Rac8 19. Qd2 Rfd8 20. Rfd1 Nd5 21. Nxd5 Qxd5 22. Rxc8 Rxc8 23. Qe3 e5 24. Bxe5 Bxe5 25. Qxe5 Qxb3 26. Re1 Qxa3 27. Ng3 Qd3 28. Qe7 b5 29. Nxf5 Qxf5 30. Qxa7 Rc2 31. Qb8+ Kg7 32. Qe5+ Qxe5 33. dxe5 b4 34. g3 b3 35. Kg2 b2 36. Rb1 Kf8 37. g4 Ke7 38. Kg3 g5 39. h4 gxh4+ 40. Kxh4 Rxf2 41. Kg3 Rc2 42. Kf3 Ke6 43. Ke4 h6 44. Kd3 Rg2 45. Re1 Rxg4 46. Kc2 Rg2+ 47. Kb1 Rh2 48. Rf1 h5 49. Rf6+ Kxe5 50. Rxf7 h4 0-1

[Event "Harry Lyman op 4th"]
[Site "Framingham"]
[Date "2001.01.27"]
[Round "2"]
[White "Ivanov, Alexander"]
[Black "Kelleher, William"]
[Result "1-0"]
[WhiteElo "2669"]
[BlackElo "2459"]
[PlyCount "55"]
[EventDate "2001.01.??"]
[EventType "swiss"]
[EventRounds "5"]
[EventCountry "USA"]
[SourceTitle "EXT 2005"]
[Source "ChessBase"]
[SourceDate "2004.11.15"]
[SourceVersion "1"]
[SourceVersionDate "2004.11.15"]
[SourceQuality "1"]

1. e4 c5 2. Nf3 d6 3. d4 cxd4 4. Nxd4 Nf6 5. Nc3 a6 6. Be3 e5 7. Nf3 Qc7 8. a4 Be7 9. a5 0-0 10. Be2 Nbd7 11. 0-0 b5 12. axb6 Nxb6 13. Nd2 Bb7 14. Bxb6 Qxb6 15. Nc4 Qc5 16. Ra5 Qc6 17. Qd3 Bd8 18. Nd5 Nxd5 19. Rxd5 Bc7 20. Nxd6 Bxd6 21. Rxd6 Qxe4 22. Qxe4 Bxe4 23. Rc1 Rab8 24. b3 Rfc8 25. Bc4 a5 26. f3 Bg6 27. Rd5 a4 28. Rxe5 1-0

[Event "Natick op g60'"]
[Site "Natick"]
[Date "2000.04.09"]
[Round "3"]
[White "Ivanov, Alexander"]
[Black "Kelleher, William"]
[Result "1/2-1/2"]
[WhiteElo "2649"]
[BlackElo "2458"]
[PlyCount "41"]
[EventDate "2000.04.09"]
[EventType "swiss (rapid)"]
[EventRounds "4"]
[EventCountry "USA"]
[SourceTitle "EXT 2005"]
[Source "ChessBase"]
[SourceDate "2004.11.15"]
[SourceVersion "1"]
[SourceVersionDate "2004.11.15"]
[SourceQuality "1"]

1. e4 c5 2. Nf3 d6 3. d4 cxd4 4. Nxd4 Nf6 5. Nc3 a6 6. g3 e5 7. Nde2 b5 8. Bg5 Nbd7 9. Nd5 Be7 10. Nxe7 Qxe7 11. Nc3 Bb7 12. Bh3 Nb6 13. a4 b4 14. Nd5 Nbxd5 15. exd5 h6 16. Bxf6 Qxf6 17. a5 0-0 18. 0-0 Bc8 19. Bxc8 Rfxc8 20. Ra4 Rab8 21. Qd2 1/2-1/2

[Event "New Hampshire op 50th"]
[Site "New Hampshire"]
[Date "2000.??.??"]
[Round "1"]
[White "Kelleher, William"]
[Black "Shaw, Alan"]
[Result "1-0"]
[WhiteElo "2460"]
[BlackElo "2205"]
[PlyCount "97"]
[EventDate "2000.??.??"]
[EventType "swiss"]
[EventRounds "4"]
[EventCountry "USA"]
[SourceTitle "EXT 2003"]
[Source "ChessBase"]
[SourceDate "2002.11.25"]
[SourceVersion "1"]
[SourceVersionDate "2002.11.25"]
[SourceQuality "1"]

1. e4 e6 2. d4 d5 3. e5 c5 4. c3 Nc6 5. Nf3 Qb6 6. a3 c4 7. Nbd2 Na5 8. Be2 Bd7 9. 0-0 h6 10. Re1 Ne7 11. Qc2 Ng6 12. Rb1 Be7 13. Bd1 Qc7 14. Nf1 b5 15. Ng3 Nb3 16. Nh5 Rg8 17. Qe2 Nxc1 18. Rxc1 a5 19. Ra1 Bc6 20. Bc2 Nf8 21. Nd2 g6 22. Qg4 Rh8 23. Nf6+ Kd8 24. h4 Nd7 25. Qf3 Bxf6 26. exf6 g5 27. Re3 gxh4 28. Qh5 Nxf6 29. Qxh4 Qe7 30. Qf4 Ne8 31. Rf3 Nd6 32. Rg3 Kc7 33. Nf3 Rag8 34. Rxg8 Rxg8 35. Qxh6 f6 36. Re1 Qf7 37. Nh4 Ne4 38. Qf4+ Kb7 39. f3 Ng5 40. Kf2 Qg7 41. Qd6 Qh6 42. Nf5 Ne4+ 43. Rxe4 Qd2+ 44. Re2 Rxg2+ 45. Kxg2 Qxe2+ 46. Kg3 exf5 47. Bxf5 Qxb2 48. Qe7+ Kb6 49. Qd8+ 1-0

[Event "Harry Lyman op 3rd"]
[Site "Needham"]
[Date "2000.??.??"]
[Round "1"]
[White "Kelleher, William"]
[Black "Smith, Bryan G"]
[Result "1/2-1/2"]
[WhiteElo "2445"]
[BlackElo "2200"]
[PlyCount "38"]
[EventDate "2000.??.??"]
[EventType "swiss"]
[EventRounds "5"]
[EventCountry "USA"]
[SourceTitle "EXT 2003"]
[Source "ChessBase"]
[SourceDate "2002.11.25"]
[SourceVersion "1"]
[SourceVersionDate "2002.11.25"]
[SourceQuality "1"]

1. e4 e6 2. d4 d5 3. e5 c5 4. c3 Ne7 5. Nf3 Nec6 6. Bd3 Nd7 7. 0-0 Qb6 8. Nbd2 g6 9. c4 Bg7 10. cxd5 exd5 11. dxc5 Nxc5 12. Nb3 Nxb3 13. axb3 0-0 14. Be2 d4 15. Ra4 Be6 16. Nxd4 Nxd4 17. Qxd4 Qxd4 18. Rxd4 Bxe5 19. Rb4 b6 1/2-1/2

[Event "Eastern Class-ch 9th"]
[Site "USA"]
[Date "2000.??.??"]
[Round "5"]
[White "Mac Intyre, Paul"]
[Black "Kelleher, William"]
[Result "1-0"]
[WhiteElo "2370"]
[BlackElo "2450"]
[PlyCount "43"]
[EventDate "2000.??.??"]
[EventType "swiss"]
[EventRounds "5"]
[EventCountry "USA"]
[SourceTitle "EXT 2003"]
[Source "ChessBase"]
[SourceDate "2002.11.25"]
[SourceVersion "1"]
[SourceVersionDate "2002.11.25"]
[SourceQuality "1"]

1. e4 c5 2. Nf3 Nf6 3. e5 Nd5 4. Nc3 e6 5. Nxd5 exd5 6. d4 Nc6 7. Be2 d6 8. exd6 cxd4 9. Nxd4 Bxd6 10. Be3 0-0 11. 0-0 Qf6 12. Nb5 Be5 13. c3 Be6 14. f4 Bb8 15. Qd2 Re8 16. Rae1 a6 17. Nd4 Ba7 18. Bf3 Nxd4 19. Bxd4 Bxd4+ 20. Qxd4 Qxd4+ 21. cxd4 f6 22. Rxe6 1-0